[Event "Sachsen-Anhalt Landesliga-A 1920"]
[Site "Sachsen Anhalt"]
[Date "2020.03.01"]
[Round "7.7"]
[White "Krausholz, Klaus"]
[Black "Funke, Arnold"]
[Result "0-1"]
[WhiteElo "1571"]
[BlackElo "1707"]
[PlyCount "32"]
[EventDate "2019.09.29"]
[EventType "team-tourn"]
[EventRounds "9"]
[EventCountry "GER"]
[SourceTitle "EXT 2023"]
[Source "ChessBase"]
[SourceDate "2022.10.05"]
[SourceVersion "1"]
[SourceVersionDate "2022.10.05"]
[SourceQuality "1"]
[WhiteTeam "Calbe TSG"]
[BlackTeam "Bernburg Aufbau"]
[WhiteTeamCountry "GER"]
[BlackTeamCountry "GER"]

1. d4 e6 2. c4 f5 3. e3 Nf6 4. Nc3 b6 5. Nf3 Bb7 6. Be2 Bb4 7. Bd2 0-0 8. a3 Bxc3 9. Bxc3 d6 10. 0-0 Nbd7 11. b4 Ne4 12. Bb2 Rf6 13. Nd2 Nxd2 14. Qxd2 Rh6 15. g3 Qh4 16. Bh5 Qxh2+ 0-1

[Event "GER-chB Seniors 27th"]
[Site "Magdeburg"]
[Date "2015.08.22"]
[Round "8"]
[White "Funke, Arnold"]
[Black "Nemoj, Ilja"]
[Result "1-0"]
[WhiteElo "1936"]
[BlackElo "1783"]
[PlyCount "83"]
[EventDate "2015.08.15"]
[EventType "swiss"]
[EventRounds "9"]
[EventCountry "GER"]
[SourceTitle "EXT 2018"]
[Source "ChessBase"]
[SourceDate "2017.10.13"]
[SourceVersion "1"]
[SourceVersionDate "2017.10.13"]
[SourceQuality "1"]

1. d4 d6 2. e4 g6 3. Nc3 Bg7 4. Be3 Nd7 5. f4 e5 6. fxe5 dxe5 7. d5 Ne7 8. Nf3 a6 9. Qd2 h6 10. 0-0-0 b5 11. Be2 Bb7 12. g4 c5 13. Nb1 Qb6 14. Rdf1 0-0-0 15. Ne1 f6 16. Nd3 b4 17. Bf3 Kb8 18. Qf2 Rc8 19. Nd2 Qb5 20. b3 Bf8 21. Nb2 Ng8 22. Ndc4 Nb6 23. Be2 Nxc4 24. Nxc4 Qe8 25. Bf3 f5 26. gxf5 gxf5 27. exf5 e4 28. Bf4+ Ka7 29. Re1 Nf6 30. Be5 Qf7 31. Bxe4 Rg8 32. Nd6 Bxd6 33. Bxd6 Nxe4 34. Rxe4 Qf6 35. Bxc5+ Ka8 36. Kb1 Qc3 37. Bxb4 Qh3 38. Re2 Rg5 39. Qb6 Qf3 40. Rhe1 Rg2 41. Rxg2 Qxg2 42. Bc5 1-0

[Event "Sachsen-Anhalt-ch Seniors 22nd"]
[Site "Halberstadt"]
[Date "2014.05.31"]
[Round "7"]
[White "Just, Joachim"]
[Black "Funke, Arnold"]
[Result "1-0"]
[WhiteElo "1887"]
[BlackElo "1761"]
[PlyCount "159"]
[EventDate "2014.05.25"]
[EventType "swiss"]
[EventRounds "7"]
[EventCountry "GER"]
[SourceTitle "EXT 2018"]
[Source "ChessBase"]
[SourceDate "2017.10.13"]
[SourceVersion "1"]
[SourceVersionDate "2017.10.13"]
[SourceQuality "1"]

1. f4 e6 2. Nf3 d5 3. e3 Nf6 4. b3 Be7 5. Bb2 b6 6. Ne5 0-0 7. Be2 Bb7 8. 0-0 c5 9. d3 Nc6 10. Nd2 Nd7 11. Nxc6 Bxc6 12. Nf3 Qc7 13. Qe1 Bf6 14. Bxf6 Nxf6 15. Ne5 Bb7 16. g4 Nd7 17. Nxd7 Qxd7 18. Qg3 f5 19. Bf3 Rae8 20. Rae1 a5 21. a4 Kh8 22. h4 g6 23. Rf2 Qg7 24. Rg2 Rg8 25. Qf2 Qc3 26. Qd2 Qxd2 27. Rxd2 Ba8 28. d4 Rc8 29. Kf2 c4 30. Rb1 cxb3 31. Rxb3 Rc6 32. g5 Rb8 33. Be2 Rc7 34. Bd3 Bc6 35. Ra3 Bd7 36. Rd1 Kg8 37. Rb1 Kf8 38. Ke2 Ke7 39. Kd2 Kd6 40. c3 Rcc8 41. Rh1 h5 42. Rc1 Rc7 43. Rb1 Ra7 44. c4 dxc4 45. Bxc4 Kc7 46. Rc3 Kd6 47. Ra3 Bc6 48. Rab3 Kc7 49. Rc3 Kd8 50. Bb5 Bxb5 51. Rxb5 Rc7 52. Rcb3 Rcb7 53. Kd3 Kd7 54. d5 exd5 55. Kd4 Ke6 56. Rxd5 Rd7 57. Rxd7 Kxd7 58. Kd5 Kc7 59. Ke6 b5 60. axb5 Rb6+ 61. Kd5 a4 62. Rc3+ Kd7 63. Kc5 Rb8 64. Kb4 Ra8 65. Ra3 Re8 66. Kxa4 Kc7 67. Rc3+ Kb7 68. Kb4 Re4+ 69. Ka5 Re6 70. Rd3 Kc7 71. Kb4 Kb6 72. Rd4 Rxe3 73. Rd6+ Kc7 74. Rxg6 Re4+ 75. Kc5 Rxf4 76. Rg7+ Kd8 77. b6 Rf1 78. b7 Rc1+ 79. Kd6 Rd1+ 80. Ke5 1-0

[Event "Sachsen-Anhalt-ch Seniors 22nd"]
[Site "Halberstadt"]
[Date "2014.05.29"]
[Round "5"]
[White "Fleischer, Martin"]
[Black "Funke, Arnold"]
[Result "1/2-1/2"]
[WhiteElo "1646"]
[BlackElo "1761"]
[PlyCount "87"]
[EventDate "2014.05.25"]
[EventType "swiss"]
[EventRounds "7"]
[EventCountry "GER"]
[SourceTitle "EXT 2018"]
[Source "ChessBase"]
[SourceDate "2017.10.13"]
[SourceVersion "1"]
[SourceVersionDate "2017.10.13"]
[SourceQuality "1"]

1. d4 e6 2. Nf3 f5 3. e3 Nf6 4. Bd3 b6 5. c4 Bb7 6. 0-0 Be7 7. Nc3 0-0 8. Qe2 Ne4 9. Nd1 Qe8 10. Ne1 Qg6 11. f3 Ng5 12. Kh1 Bd6 13. f4 Ne4 14. Bxe4 Bxe4 15. Nc3 Bb7 16. Nb5 Rf6 17. Nxd6 cxd6 18. Nf3 Qh5 19. h3 Rg6 20. Rf2 Rg3 21. Bd2 Na6 22. Kh2 Rg6 23. b4 Rh6 24. b5 Nc7 25. a4 Rc8 26. Ng1 Qf7 27. a5 Ne8 28. axb6 axb6 29. Ra7 Rb8 30. Nf3 Nf6 31. Ng5 Qe7 32. Kg1 Ne4 33. Nxe4 Bxe4 34. Bb4 Rf6 35. Qa2 Rff8 36. Qa3 Ra8 37. Bxd6 Rxa7 38. Bxe7 Rxa3 39. Bxa3 Ra8 40. Bd6 Bd3 41. c5 bxc5 42. b6 Ra1+ 43. Kh2 Be4 44. dxc5 1/2-1/2